000 00305nam a22001097a 4500
041 _aENG
100 _a631.372.51.;629.114.2
245 _aAgricultural Tractors -Maximum Actuating Forces Required To Perate Controls
260 _aNew Delhi
_bBIS
_c 1992
650 _aBIS-Test Code
856 _uBIS-Test Code
999 _c1995
_d1995